00802nam a2200241Ia 4500003000400000005001700004006001800021007000300039008004100042024001000083037001100093040001800104041001300122100002500135110010200160245010000262260000900362650002100371700003500392700010200427942001200529999001900541OSt20220930084738.0a|||||r|||| 00| 0ta220926b |||||||| |||| 00| 0 eng d a85996 cTheses aCRLcCRLbeng 2engaeng aTalwar Parul9538363 aUniversity of Delhi. Faculty of Medical Sciences. Department of Obstetrics and Gynaecolgy9538364 0aEvaluation of aggressive versus expectant management of labour b A randomized controlled trial c2006 aWOMEN - DISEASES a Dr. Banashree Das Gu.9533689 aUniversity of Delhi. Faculty of Medical Sciences. Department of Obstetrics and Gynaecolgy9538365 cDIS2CC c877707d877707